000 00612nam a22001937a 4500
005 20180706132828.0
010 _aA-935221
020 _a8124600872
035 _aA-935221
037 _bD.K. Printworld (p) Ltd.
082 _a181.4
100 _aPuligandla, R.
245 _aFundamentals of indian philosophy
_cR. Puligandla
260 _aNew Delhi
_bD.K. Printworld (p) Ltd.
_c1997
270 _aSri Kunj, F-52, Bali Nagar New Delhi 110015
_bNew Delhi
_e110015
300 _a362p.
_c21cm(hb)
942 _2ddc
_cEN
_h181.4
_mPUL
999 _c153506
_d153506